000 00738nam a2200253 a 4500
001 BRCA_5328
005 20190320205032.0
008 031210s1923----gw-a######---#000-0#ger-#
041 _ager
044 _agw
050 4 _aND588
_b.R67 1923
100 1 _aRosenberg, Jacob
_913667
245 1 0 _aMartín Schongauer Handzeichnungen
_cherausgegeben von Jacob Rosenberg.
260 _aMúnich, Alemania
_bR. Piper
_c1923
300 _a45 p.
_bil., 50 láminas
_c29 cm.
500 _aIncluye índice de ilustraciones
500 _aE97
504 _aBibliografía: p. 43
600 1 4 _aSchongauer, Martín
_d1445-1491
_913015
650 1 4 _aPintores alemanes
_9797
650 1 4 _aGrabadores alemanes
_97216
902 _aGFM
942 _2lcc
_cB
999 _c5022
_d5022